KIJHL Teams - Statistics

General Stats
  • This quiz has been taken 8 times
  • The average score is 15 of 19
Answer Stats
Division Team Name % Correct
Doug Birks Chase Heat
100%
Eddie Mountain Fernie Ghostriders
100%
Doug Birks Kamloops Storm
100%
Doug Birks 100 Mile House Wranglers
86%
Neil Murdoch Beaver Valley Nitehawks
86%
Eddie Mountain Columbia Valley Rockies
86%
Eddie Mountain Creston Valley Thunder Cats
86%
Eddie Mountain Kimberley Dynamiters
86%
Neil Murdoch Nelson Leafs
86%
Bill Ohlhausen Princeton Posse
86%
Doug Birks Revelstoke Grizzlies
86%
Neil Murdoch Castlegar Rebels
71%
Eddie Mountain Golden Rockets
71%
Neil Murdoch Grand Forks Border Bruins
71%
Bill Ohlhausen Kelowna Chiefs
71%
Bill Ohlhausen Osoyoos Coyotes
71%
Doug Birks Sicamous Eagles
71%
Bill Ohlhausen North Okanagan Knights
43%
Bill Ohlhausen Summerland Steam
43%
No matching quizzes found
Score Distribution
Percent of People with Each Score
Percentile by Number Answered
Your Score History
You have not taken this quiz